LEADER 01588nlm 2200277Ia 450 001 996435948303316 005 20210910140350.0 010 $a0-520-25086-9 100 $a20070307d2008---- ub 0 101 0 $aeng 102 $aUS 135 $adrcnu 200 1 $aCanyon Cinema$ethe life and times of an independent film distributor /$fScott MacDonald 210 1 $aBerkeley$cUniversity of California Press$dc2008 215 $aTesto elettronico (PDF) (461 p. : ill. p.) 230 $aBase dati testuale 330 $aRiportando in vita un momento straordinario nella storia culturale americana, Scott MacDonald racconta la colorata storia di come una piccola organizzazione da cortile nella San Francisco Bay Area è emersa negli anni '60 e si è evoluta per diventare una forza importante nello sviluppo del cinema indipendente. Attingendo da ampie conversazioni con uomini e donne cruciali per Canyon Cinema, dalla sua newsletter Canyon Cinema news e da altre fonti chiave, MacDonald offre una vivace cronaca della vita e dei tempi di questo influente e idiosincratico collettivo di esposizione e distribuzione di film. Il suo libro presenta molti documenti primari che sono accattivanti e rilevanti ora come lo erano quando sono stati originariamente pubblicati, inclusi saggi, poesie, scritti sperimentali e disegni. 606 0 $aFilm americani$2BNCF 676 $a384.80973 700 1$aMACDONALD,$bScott$f1942-$0835457 801 0$bcba$aIT$bcba$gREICAT 912 $a996435948303316 959 $aEB 969 $aER 996 $aCanyon Cinema$91867370 997 $aUNISA LEADER 01483nam0 22003493i 450 001 VAN0261354 005 20231018044700.423 017 70$2N$a9783642007989 100 $a20230713d1979 |0itac50 ba 101 $aeng 102 $aDE 105 $a|||| ||||| 200 1 $aPoint-to-Set Maps and Mathematical Programming$fedited by P. Huard 210 $aAmsterdam$cNorth-Holland$d1979 215 $a190 p.$d24 cm 410 1$1001VAN0256149$12001 $aMathematical Programming Studies$1210 $aAmsterdam$cNorth Holland$v10 606 $a68-XX$xComputer science [MSC 2020]$3VANC019670$2MF 606 $a90-XX$xOperations research, mathematical programming [MSC 2020]$3VANC025650$2MF 610 $aMathematica$9KW:K 610 $aOptimization$9KW:K 610 $aProgramming$9KW:K 620 $dAmsterdam$3VANL001716 702 1$aHuard$bPierre$3VANV215656 712 $aNorth-Holland $3VANV107935$4650 801 $aIT$bSOL$c20231020$gRICA 856 4 $uhttps://doi.org/10.1007/BFb0120836$zE-book ? Accesso al full-text attraverso riconoscimento IP di Ateneo, proxy e/o Shibboleth 899 $aBIBLIOTECA DEL DIPARTIMENTO DI MATEMATICA E FISICA$1IT-CE0120$2VAN08 912 $fN 912 $aVAN0261354 950 $aBIBLIOTECA DEL DIPARTIMENTO DI MATEMATICA E FISICA$d08CONS e-book 6225 $e08eMF6225 20230725 996 $aPoint -to- set maps and mathematical programming$955856 997 $aUNICAMPANIA LEADER 06191nam 2200505 a 450 001 9911019963603321 005 20230725032204.0 010 $a0-470-63677-7 010 $a1-119-20037-7 010 $a1-283-23935-3 010 $a9786613239358 010 $a0-470-63675-0 035 $a(CKB)2670000000112703 035 $a(EBL)693248 035 $a(OCoLC)747408886 035 $a(MiAaPQ)EBC693248 035 $a(EXLCZ)992670000000112703 100 $a20110224d2011 uy 0 101 0 $aeng 135 $aur|n|---||||| 200 10$aFraud fighter$b[electronic resource] $emy fables and foibles /$fJoseph T. Wells 210 $aHoboken, N.J. $cWiley$dc2011 215 $a1 online resource (330 p.) 300 $aIncludes index. 311 $a0-470-61070-0 327 $aMachine generated contents note: Prologue. -- CHAPTER 1 My First White-Collar Crime Case: Age 28. -- The Early Years: To Age Six. -- At Sea, Off Scotland: 19 Years Old. -- My Dysfunctional Youth: Ages 6-12. -- Fred G. Robin, III: Age 29. -- Living on Less: Ages 12-14. -- Robin's Rump Roast Rip-Off: Age 30. -- Not a Fashion Maven: Ages 13-15. -- CHAPTER 2 Midland: Age 28. -- Being Dirt-Poor in the Land of Poor Dirt: Ages 14-16. -- A Gang of Thieves: Age 29. -- Looking Beyond High School: Ages 15-16. -- The Suicides: Age 29. -- High School: Age 16. -- Kevin "KevBomb" Flint: Age 33. -- Falling in Love the First Time: Age 16. -- Roger Corday: Age 34. -- Falling Apart in High School: Age 17. -- Saved by Bill, Margaret and Tina. -- The Best Looking Girl in High School: Age 17. -- Losing My Credentials: Age 32. -- CHAPTER 3 Off to the Navy: Age 17. -- Jim Warner: Age 36. -- I Left My Heart: Age 18. -- Ireland: Ages 19-21. -- Back to Oklahoma: Age 22. -- Fooling Around: Age 23. -- The Packrat: Age 41. -- The First Marriage: Age 24. -- Going to College: Age 24. -- CHAPTER 4 Something's wrong at the CIA: Age 38. -- The Evil Weed: Age 25. -- The Wonderful World of Auditing: Age 26. -- Becoming a G-Man: Age 27. -- The FBI Academy: Age 27. -- My Second Marriage: Age 28. -- Down in the West Texas of El Paso: Age 29. -- CHAPTER 5 New York: Age 30. -- The New York Office. -- Herman Simon Klegmeir: Age 30. -- Edgar M. Brodine, Jr.: Age 31. -- The Payoff. -- Thinking like an Accountant. -- Enter the Okie: Age 31. -- John N. Mitchell, Crooked Lawyer. -- Lies, Lies and Damn Lies. -- CHAPTER 6 Jackson, Here I Come!: Age 33. -- William G. Burgin, Jr.: Age 34. -- George S. Sewell, Jr. -- James Beauregard Turner. -- Sally Mulcasey. -- Laying a Trap. -- Roxanne Hurley. -- Sally vs. Roxanne. -- Finally, a Break. -- Mata Hari. -- Complicated Relationships. -- My Next Move. -- Learning Development Corporation. -- Digging for Dollars. -- Predication. -- Fred St. John. -- Lay Down, Sally. -- Follow the Money. -- A Fishing Expedition? -- Flavous Lambert. -- Goodbye, Roxanne. -- Confronting Burgin. -- Mulcasey and Sewell. -- The Grand Jury. -- Meeting Judy the First Time: Age 34. -- The Burgin-Lambert Trial: Age 35. -- CHAPTER 7 Austin and Beyond: Age 35. -- Meeting Judy the Second Time: Age 36. -- The Love of My Life. -- Branching Out: Age 37. -- Ending my FBI Career: Age 38. -- CHAPTER 8 Wells & Associates: Age 38. -- The Capitol Fire: Age 39. -- Meeting Jim Ratley: Age 39. -- Ross Perot: Age 40. -- Getting in to Crime Prevention Education: Age 42. -- Death Row: Age 43. -- CHAPTER 9 Money for Nothing: Age 43. -- Max Vance: Age 44. -- Meeting Mike Lawrence: Age 44. -- Working for a Living: Ages 38-45. -- Dr. Donald R. Cressey: Age 40. -- CHAPTER 10 In a Dream: Age 44. -- The Certified Fraud Examiner: Age 45. -- Dr. Gil Geis: Age 45. -- Seminars, Conferences and More Seminars. -- The CFE Exam. -- The American Association of Forensic Experts. -- More Litigation: Age 46. -- CHAPTER 11 Expanding the Common Body of Knowledge: Age 49. -- The "Boy Wonder": Age 50. -- Learning from Crooks. -- Fifteen Minutes of Fame. -- Still Growing: Age 52. -- Staying Put. -- Moving Sideways: Age 53. -- Starting Some Serious Fraud Research: Age 54. -- An International Presence: Age 55. -- CHAPTER 12 Me, My Addictions and Me: Ages 14-63. -- Fear of Flying: Age 38-55. -- Jim Ratley's Hobbies. -- Soloing Again: Age 62. -- Crashing but not Burning. -- Adrenaline Junkie. -- Starting in Higher Education: Ages 58-62. -- The Cliff Robertson Sentinel Award: Age 62. -- The Law Enforcement Partnership: Age 63. -- The Good Life: Age 65. -- Writing, Writing, Writing: Ages 55-65. -- The Future: Age 65 and Up. -- Postscript. -- Index. 330 $a"A collection of insightful, poignant, and humorous stories from Dr. Joseph Wells, the world's foremost fraud expert with gutsy revelations of his own past mistakes. From his dysfunctional childhood in rural Oklahoma; his service in the U.S.Navy; a brief stint in public accounting, followed by a career in the FBI; and founding the world's largest anti-fraud organization, Wells' colorful life experiences were preparation for his rise to one of the globe's most revered antifraud experts. Written by the preeminent antifraud authority and founder and Chairman of the ACFE. Offers a fascinating behind-the-scenes look at the life of one of the most influential white-collar crime experts of our time. At a period when dishonesty at top U.S. companies is dominating public attention, The Fables and Foibles of a Fraud Fighter is a surprisingly frank and gripping memoir from an unsurprisingly effective fraud fighter.This autobiography forms a full tapestry of a life, displaying wit, intrigue, trepidation, regret, and finally, ultimate victory."--$cProvided by publisher. 606 $aFraud$zUnited States$vCase studies 606 $aFraud investigation$zUnited States$vCase studies 606 $aAuditors$zUnited States$vBiography 615 0$aFraud 615 0$aFraud investigation 615 0$aAuditors 676 $a363.25/963092 676 $a363.25092 676 $a363.25963092 686 $aBUS008000$2bisacsh 700 $aWells$b Joseph T$0866165 801 0$bMiAaPQ 801 1$bMiAaPQ 801 2$bMiAaPQ 906 $aBOOK 912 $a9911019963603321 996 $aFraud fighter$94418231 997 $aUNINA